000 00550nam a22001457a 4500
020 _a978-1-4169-1245-3
082 _a823
_bKEE/N
100 _aKEENE, CAROLYN
245 _aNANCY DREW - CLOSE ENCOUNTERS
260 _aNEW YORK
_bALADDIN PUBLICATIONS
_c2006
300 _a169
520 _aHundreds of tourists have invaded the town to watch purported UFO sightings. Odder still are reports of townspeople being abducted, and the strange clues that seem to point to little green men as the culprits.
650 _aDETECTIVE
_zUNITED STATES
942 _cBK
999 _c7850
_d7850